00660nam a2200217Ia 4500003000900000008004100009040001300050040001300063041000800076100001900084245004700103250001200150260002100162260000900183300000800192490000700200490000600207942000700213999001700220952020500237IT-RoPAU120407s9999 xx 000 0 und d aIT-RoPAU cIT-RoPAU aita aEmilio Neubert aL’anima di Gesù contemplata con Maria. aCatania aEdizioni Paoline c1957 c cm aSm v1 cBK c13708d13708 00102ddc406243_800000000000000_8371aPAULUSbPAULUSd2012-04-11l0o243.8.83r2012-04-11 00:00:00w2012-04-11yBKzInserito da: Marisa In data: 02 settembre 2011 fondo: Via A.Severo 56 Progr:16529